Adivinhe a figura geométrica. - Statistics

Estatísticas Gerais
  • Esse quiz foi jogado 105 vezes
  • A pontuação média é 4 de 8
Estatísticas das Respostas
Quant. Resposta % Correto
3 lados Triângulo
100%
5 lados Pentágono
61%
6 lados Hexágono
56%
7 lados Heptágono
36%
8 lados Octógono
36%
4 lados Quadrilátero
29%
10 lados Decágono
26%
9 lados Eneágono/Nonágono
21%
Nenhum quiz correspondente encontrado
Distribuição das Pontuações
Porcentagem de Pessoas com Cada Pontuação
Percentil de Números Respondidos
Sua Pontuação Histórica
Você não jogou esse quiz